| 000 | 00535nam a2200145Ia 4500 | ||
|---|---|---|---|
| 008 | 140724s9999 xx 000 0 und d | ||
| 050 |
_aTP 1 _b.M663 2011 |
||
| 100 | _aMina, Rovi Allarey. | ||
| 245 |
_aComputerized subject checklist of BSIT Students of Southville International School and Colleges / _cRovi Allarey Mina. |
||
| 260 |
_aLas PiƱas, Philippines : _bSouthville International School and Colleges, _cc2011. |
||
| 300 |
_a37 p. : _bcol. Ill. ; _c28 cm. |
||
| 521 | _aInformation Technology | ||
| 942 | _cTH | ||
| 999 |
_c228811 _d228811 |
||